00218nam a2200073Ia 450000500170000000800410001724500760005826000100013420250523154322.0250523s9999 xx 000 0 und d 0aIşın Çağı Çocukları Gökkuş Diz cGülten Dayıoğlu bALTIN